000 00602nam a2200217Ia 4500
003 GCL
008 140319s9999 xx 000 0 eng d
040 _aGCL /
_cGCL
082 0 4 _a709.024
_bH H
100 1 _aHARTT, FREDERICK
245 1 0 _aHISTORY OF ITALIAN RENAISSANCE ART: PAINTING SCULPTURE ARCHITECTURE /
_cHARTT, FREDERICK
260 _a[S.N] :
_bTHAMES AND HUDSON ،
_c1994
300 _a696 P
650 0 4 _aحسن فتحى
650 0 4 _aARCHITECTURE
650 0 4 _aPAINTING
650 0 4 _aART, HANDBOOKS
650 0 4 _aITALY - RENAISSANCE
650 0 4 _aART - HISTORY
942 _2ddc
_cBK
999 _c11918
_d11918